[Event "50th NED-ch"]
[Site "Amsterdam NED"]
[Date "1994.06.05"]
[Round "2"]
[White "Sosonko, Gennadi"]
[Black "Piket, Jeroen"]
[Result "0-1"]
[WhiteElo "2525"]
[BlackElo "2605"]
[EventDate "1994.06.04"]
[PlyCount "82"]

1.d4 g6 2.e4 Bg7 3.c4 d6 4.Nf3 Nf6 5.Nc3 O-O 6.Be2 e5 7.O-O a5 8.Bg5 h6 9.
Bh4 Nbd7 10.d5 g5 11.Bg3 Nh5 12.Ne1 Nf4 13.Bg4 Nc5 14.Bxc8 Rxc8 15.Nc2 f5 
16.exf5 Rxf5 17.f3 c6 18.Rb1 Rf7 19.Kh1 Qf6 20.Bf2 Ncd3 21.Be3 cxd5 22.
Bxf4 Nxf4 23.Nxd5 Qe6 24.Nce3 e4 25.Qd2 exf3 26.Rxf3 Nxd5 27.Qxd5 Qxd5 28.
cxd5 Rxf3 29.gxf3 Kf7 30.b3 Be5 31.Re1 Bf4 32.Nf5 h5 33.h4 gxh4 34.Nd4 Bg3
35.Re6 Rc5 36.Kg2 Rxd5 37.Re4 Be5 38.Ne2 Rd2 39.f4 Bf6 40.a4 d5 41.Re3 d4 
0-1

[Event "50th NED-ch"]
[Site "Amsterdam NED"]
[Date "1994.06.13"]
[Round "8"]
[White "Sosonko, Gennadi"]
[Black "Nijboer, Friso"]
[Result "1/2-1/2"]
[WhiteElo "2525"]
[BlackElo "2530"]
[EventDate "1994.06.04"]
[PlyCount "104"]

1.d4 Nf6 2.c4 g6 3.Nc3 Bg7 4.e4 d6 5.Be2 O-O 6.Nf3 e5 7.O-O Nc6 8.d5 Ne7 
9.Ne1 Ne8 10.f4 exf4 11.Bxf4 h6 12.Nc2 f5 13.exf5 g5 14.Bd2 Nxf5 15.Bd3 
Qe7 16.Rf2 Nd4 17.Qe1 Qxe1+ 18.Rxe1 Bf5 19.Bxf5 Rxf5 20.Nxd4 Bxd4 21.Be3 
Rxf2 22.Bxf2 Bxc3 23.bxc3 Kf7 24.Bd4 c5 25.Bf2 Nf6 26.Bg3 Re8 27.Rb1 Ne4 
28.Rxb7+ Re7 29.Rxe7+ Kxe7 30.Be1 h5 31.Kf1 Kf6 32.Ke2 Kf5 33.Kf3 a5 34.h3
h4 35.a3 a4 36.Ke3 Ke5 37.Kf3 Kf5 38.Ke3 Nf6 39.Kf3 Nd7 40.g4+ Kf6 41.Ke4 
Ne5 42.Bd2 Nxc4 43.Bc1 Kg6 44.Kd3 Ne5+ 45.Ke3 Nd7 46.Bb2 c4 47.Bc1 Nc5 48.
Kf3 Nd3 49.Be3 Ne1+ 50.Ke2 Nc2 51.Bc1 Na1 52.Be3 Nc2 1/2-1/2

[Event "50th NED-ch"]
[Site "Amsterdam NED"]
[Date "1994.06.16"]
[Round "10"]
[White "Cifuentes Parada, Roberto"]
[Black "Bosch, Jeroen"]
[Result "1-0"]
[WhiteElo "2500"]
[BlackElo "2370"]
[EventDate "1994.06.04"]
[PlyCount "179"]

1.c4 c6 2.e4 e5 3.Nf3 d6 4.d4 Nd7 5.Nc3 Ngf6 6.Be2 Be7 7.O-O O-O 8.Qc2 Qc7
9.Rd1 a6 10.Be3 Re8 11.Rac1 Ng4 12.Bd2 exd4 13.Nxd4 Nc5 14.h3 Bf6 15.Nb3 
Nxb3 16.axb3 Ne5 17.Be3 Ng6 18.Qd2 Bxc3 19.Rxc3 Rxe4 20.Qxd6 Qxd6 21.Rxd6 
Re8 22.f4 f5 23.Kf2 Be6 24.Rcd3 Nf8 25.Bc5 Kf7 26.Bh5+ g6 27.Bf3 Re7 28.
R6d4 Rd7 29.Bd6 h5 30.Ke3 Nh7 31.Be5 Nf8 32.b4 Rxd4 33.Rxd4 Nd7 34.b3 Re8 
35.Rd6 Rc8 36.Rd1 Ke7 37.Bd6+ Kf7 38.Ra1 Re8 39.Kd4 Rd8 40.Bc7 Rc8 41.Bd6 
Rd8 42.Bc7 Rc8 43.Be5 Rd8 44.Ke3 Nf8 45.Ra5 Rd7 46.Bd4 Nh7 47.h4 Nf8 48.
Ra1 Nh7 49.Rd1 Nf8 50.Kd3 Rd8 51.Kc3 Rd7 52.Ra1 Rc7 53.Be5 Rd7 54.Ra5 Rd8 
55.b5 axb5 56.cxb5 Bd5 57.bxc6 Bxc6 58.Bxc6 Rc8 59.Rb5 Rxc6+ 60.Kd4 Ne6+ 
61.Kd5 Nd8 62.Rc5 Ke7 63.b4 Kd7 64.b5 Rxc5+ 65.Kxc5 Ne6+ 66.Kd5 Nd8 67.Bd6
Ne6 68.Ke5 Nd4 69.Bc5 Nxb5 70.Kf6 Nc3 71.Kxg6 Ke6 72.Kxh5 b5 73.Kg6 Ne2 
74.g3 Nxg3 75.h5 Ne2 76.Kg5 Kf7 77.Kxf5 Ng3+ 78.Kg4 Ne4 79.Ba3 Nf2+ 80.Kf5
Nd3 81.Ke4 Nf2+ 82.Kf3 Nd3 83.Ke4 Ne1 84.Bb2 Ng2 85.Kf3 Ne1+ 86.Ke4 b4 87.
f5 b3 88.h6 Kg8 89.f6 Ng2 90.f7+ 1-0

[Event "50th NED-ch"]
[Site "Amsterdam NED"]
[Date "1994.06.16"]
[Round "10"]
[White "Piket, Jeroen"]
[Black "Van der Sterren, Paul"]
[Result "1-0"]
[WhiteElo "2605"]
[BlackElo "2605"]
[EventDate "1994.06.04"]
[PlyCount "87"]

1.d4 Nf6 2.c4 e6 3.Nf3 d5 4.g3 dxc4 5.Bg2 c5 6.O-O Nc6 7.Ne5 Bd7 8.Na3 
cxd4 9.Naxc4 Bc5 10.Qb3 O-O 11.Bf4 Qc8 12.Rac1 Nd5 13.Nd3 Nxf4 14.gxf4 Be7
15.Nce5 Qc7 16.Rc4 Rfc8 17.Rfc1 Rab8 18.Nxd7 Qxd7 19.Bxc6 bxc6 20.Rxc6 Bf6
21.R1c5 h6 22.Qc4 Rxc6 23.Rxc6 a5 24.b3 Qb7 25.f3 g6 26.Kf1 Kg7 27.Rc7 Qb6
28.Nc5 Re8 29.Ne4 Rd8 30.Qc5 Qxc5 31.Nxc5 Rd6 32.Ra7 Bd8 33.Nd3 Rc6 34.
Rxf7+ Kxf7 35.Ne5+ Kf6 36.Nxc6 Bb6 37.Ke1 Kf5 38.Kd2 Kxf4 39.Kd3 e5 40.Ne7
e4+ 41.fxe4 Kg5 42.e5 Bc5 43.Nc6 Kf5 44.Kc4 1-0